Hearts2Hearts - Membres par photo - Statistiques

Statistiques générales
  • Ce quiz a été pris 35 fois
  • Le résultat moyen est 6 sur 8
Statistiques - réponses
Par images Réponse % Correct
Carmen
95%
Ian
89%
Jiwoo
84%
Stella
84%
Juun
79%
Ye-on
79%
A-na
68%
Yuha
68%
Aucun quiz correspondant
Distribution des résultats
% des personnes avec chaque résultat
Percentile par nombre de réponses
Votre historique - résultats
Vous n’avez pas pris ce quiz